Weiße Flaggen - Sudden Death - Statistiken

Allgemein
  • Dieses Quiz wurde 115 mal gespielt
  • Das Durchschnittsergebnis liegt bei 14 aus 20
Answers on the Grid
Answers color-coded by a green-red scale on the quiz's grid according to % correct below.
Albanien
Argentinien
Armenien
Australien
Bahamas
Bangladesch
Chile
Deutschland
Estland
Finnland
Frankreich
Gabun
Honduras
Iran
Jamaika
Japan
Kirgisistan
Kolumbien
Kroatien
Lesotho
Liechtenstein
Malawi
Marokko
Mauritius
Mexiko
Moldawien
Niederlande
Nigeria
Nordmazedonien
Polen
Ruanda
Russland
San Marino
Schweden
Schweiz
Senegal
Somalia
Ukraine
Vereinigte Staaten
Vietnam
 
Antwortstatistiken
Antwort % Korrekt
Finnland
90%
Frankreich
90%
Argentinien
87%
Japan
87%
Australien
84%
Kroatien
84%
Chile
79%
Estland
79%
Polen
72%
Schweiz
69%
Niederlande
67%
Russland
67%
Iran
66%
Mexiko
65%
Vereinigte Staaten
65%
Honduras
64%
San Marino
64%
Nigeria
47%
Lesotho
40%
Somalia
37%
Keine übereinstimmenden Quizze gefunden
Verteilung der Resultate
Anzahl Personen mit jedem Resultat
Perzentil nach korrekt beantworteten Fragen
Ihre Resultats-Entwicklung
Sie haben dieses Quiz noch nicht gespielt